Biggest Cities of Europe in 1453 with a Map - Statistics

General Stats
  • This quiz has been taken 3,822 times
    1,235 since last reset
  • The average score is 55 of 100
Answers on the Map
Answers color-coded by a green-red scale on the quiz's map according to % correct below.
 
Answer Stats
Population Cities % Correct
60,000 London
98%
150,000 Paris
97%
45,000 Constantinople (Istanbul)
95%
15,000 Dublin
95%
60,000 Lisbon
95%
33,000 Rome
95%
35,000 Athens
94%
40,000 Barcelona
94%
33,000 Moscow
93%
75,000 Naples
93%
100,000 Milan
92%
100,000 Venice
92%
18,000 Porto
91%
15,000 Marseille
88%
16,000 Hamburg
87%
33,000 Lyon
87%
40,000 Florence
86%
30,000 Prague
86%
70,000 Seville
86%
55,000 Valencia
86%
30,000 Brussels
85%
60,000 Genoa
85%
35,000 Palermo
85%
40,000 Bordeaux
84%
25,000 Danzig (Gdańsk)
84%
25,000 Vienna
84%
30,000 Nándorfehérvár (Belgrade)
81%
40,000 Cologne
80%
13,000 Selanik (Thessaloniki)
78%
17,000 Antwerp
77%
25,000 Toulouse
77%
55,000 Garnatah (Granada)
76%
15,000 Kraków
73%
45,000 Bologna
72%
20,000 Zaragoza
70%
15,000 Lille
69%
14,000 Bremen
68%
40,000 Córdoba
67%
36,000 Bruges
65%
45,000 Ghent
65%
14,000 Vilnius
65%
30,000 Verona
64%
23,000 Nuremberg
62%
45,000 Toledo
62%
21,000 Messina
60%
15,000 Utrecht
60%
85,000 Adrianople (Edirne)
57%
17,000 Lübeck
57%
14,000 Aachen
56%
23,000 Breslau (Wrocław)
56%
15,000 Orléans
56%
16,000 Avignon
55%
17,000 Liège
55%
30,000 Novgorod (Veliky Novgorod)
55%
32,000 Rouen
54%
13,000 Rennes
53%
13,000 Montpellier
52%
22,000 Padua
50%
20,000 Strasbourg
49%
13,000 Rostock
47%
18,000 Augsburg
44%
14,000 Tours
44%
17,000 Siena
43%
13,000 Lucca
42%
22,000 Magdeburg
41%
37,000 Smolensk
41%
25,000 Valladolid
41%
14,000 Pskov
40%
30,000 Brescia
38%
20,000 Amiens
37%
20,000 Ulm
37%
25,000 Ferrara
34%
26,000 Mantua
33%
15,000 Niš
32%
38,000 Burgos
31%
20,000 Perugia
29%
18,000 Erfurt
28%
15,000 Jerez de la Frontera
26%
15,000 Poitiers
26%
15,000 Saray al-Jadid (Selitrennoye)
26%
14,000 Sassari
26%
18,000 Braunschweig
25%
17,000 Pavia
23%
25,000 Caffa (Feodosia)
22%
17,000 Jaén
22%
20,000 Vicenza
22%
14,000 Leuven
21%
25,000 Piacenza
21%
35,000 Cremona
20%
15,000 Stralsund
20%
40,000 Tournai
18%
32,000 Bourges
17%
25,000 Târgoviște
15%
17,000 Mechelen
13%
14,000 's-Hertogenbosch
13%
13,000 Écija
6%
17,000 Plasencia
5%
15,000 Úbeda
5%
16,000 Medina del Campo
3%
13,000 Morella
2%
No matching quizzes found
Score Distribution
Percent of People with Each Score
Percentile by Number Answered
Your Score History
You have not taken this quiz since the last reset